Návrh lokálneho fotovoltického zariadenia

Guardado en:
Detalles Bibliográficos
Autor principal: Kán, Slavomír (Autor)
Otros Autores: Kment, Attila (Orientador)
Formato: Manuscrito Libro
Lenguaje:eslovaco
Publicado: Bratislava : STU v Bratislave FEI, 2024
Materias:
Acceso en línea:https://opac.crzp.sk/?fn=detailBiblioFormChildWIDFR&sid=9A7D98113A4E7D6F05A775A0EB46&seo=CRZP-detail-kniha
Etiquetas: Agregar Etiqueta
Sin Etiquetas, Sea el primero en etiquetar este registro!

MARC

LEADER 00000ntm a22000003a 4500
001 stuzp93637
003 SK-STU
005 20250422140019.2
007 ta
008 150427s2015----xo-----f-mn---000-0-slo-d
040 |a STU  |b slo 
041 0 |a slo 
044 |a xo 
100 1 |a Kán, Slavomír  |u 032000  |4 aut  |U FEI Fakulta elektrotechniky a informatiky  |T FEI Ústav elektroenergetiky a aplikovanej elektrotechniky  |X 104171  |U E020  |Y 548  |7 104171 
242 0 1 |a Design of Local Photovoltaic Device  |y eng 
245 1 0 |a Návrh lokálneho fotovoltického zariadenia 
260 |a Bratislava :  |b STU v Bratislave FEI,  |c 2024 
300 |a 176 s. 
650 4 |a legislatíva  |2 slo 
650 4 |a lokálny zdroj  |2 slo 
650 4 |a fotovoltické zariadenie  |2 slo 
650 4 |a chovanie výrobní v sieti  |2 slo 
650 4 |a SolarEdge  |2 slo 
650 4 |a ekonomická analýza  |2 slo 
650 4 |a SolarEdge  |2 eng 
650 4 |a behavior of power sources in the grid  |2 eng 
650 4 |a local photovoltaic sources  |2 eng 
650 4 |a economic analysis  |2 eng 
650 4 |a legislation  |2 eng 
700 1 |a Kment, Attila  |u 032000  |k Z1  |4 ths  |U FEI Fakulta elektrotechniky a informatiky  |T FEI Ústav elektroenergetiky a aplikovanej elektrotechniky  |X 10228  |U E020  |Y 548  |7 A000010228 
856 4 |u https://opac.crzp.sk/?fn=detailBiblioFormChildWIDFR&sid=9A7D98113A4E7D6F05A775A0EB46&seo=CRZP-detail-kniha